000 01362nam a2200349Ia 4500
001 ebr10273831
003 CaPaEBR
006 m u
007 cr cn|||||||||
008 080729s2009 enka sb 001 0 eng d
010 _z 2008033518
020 _z9780754676201 (alk. paper)
020 _z075467620X (alk. paper)
040 _aCaPaEBR
_cCaPaEBR
035 _a(OCoLC)320778846
050 1 4 _aK2261
_b.L44 2009eb
245 0 0 _aLegal evidence and proof
_h[electronic resource] :
_bstatistics, stories, logic /
_cedited by Hendrik Kaptein, Henry Prakken, Bart Verheij.
260 _aFarnham, England ;
_aBurlington, VT :
_bAshgate,
_cc2009.
300 _avi, 288 p. :
_bill.
490 1 _aApplied legal philosophy
504 _aIncludes bibliographical references and index.
533 _aElectronic reproduction.
_bPalo Alto, Calif. :
_cebrary,
_d2011.
_nAvailable via World Wide Web.
_nAccess may be limited to ebrary affiliated libraries.
650 0 _aEvidence (Law)
650 0 _aEvidence, Criminal.
655 7 _aElectronic books.
_2local
700 1 _aKaptein, Hendrik.
700 1 _aPrakken, Henry.
700 1 _aVerheij, Bart.
710 2 _aebrary, Inc.
830 0 _aApplied legal philosophy.
856 4 0 _uhttp://site.ebrary.com/lib/rucke/Doc?id=10273831
_zAn electronic book accessible through the World Wide Web; click to view
999 _c6415
_d6415